00542nam a2200109Ia 4500008004100000050002600041100003200067245020400099260008600303300002100389521002200410140724s9999 xx 000 0 und d aLB 1025.3b.H657 2010 aHimbing, Justine Jedinah J. 4aThe relationship between the emotional intelligence of special education teachers in Ann Arbor Montessori Learning Center and their competencies in classroom management /cJustine Jedinah J. Himbing. aLas Piñas, Philippines :bSouthville International School and Colleges,cc2010. a128 p. :c28 cm. aSpecial Education